000 00519nam a22001937a 4500
005 20260424132431.0
008 260424b |||||||| |||| 00| 0 eng d
020 _a9798886131420
_c1395.00
040 _aMAIN
041 _aEnglish
082 _a514.325
_bKUN
100 _aKundu, Subiman
_926743
245 _aMetric Spaces And Related Analysis
260 _aNew Jersey
_bWorld Scientific
_c2025
300 _a257
650 _aMathematics (PM USHA)
_926738
700 _aAggarwal, Manisha
_926744
942 _cBK
999 _c60730
_d60730